• 首页
  • 本馆介绍
  • 公告通知
  • 最新文献
  • 馆藏检索
  • 电子资源
  • 读者导购
  • 参考咨询
  • 我的图书馆
  • 登录
  • 详细信息显示
  • 放入我的书架
  • 预约/预借图书
  • 作者相关作品
  • 分类相关作品
  • 丛书相关作品
  • 出版社相关作品

书目信息

  • 表格格式
  • 工作单格式
  • 卡片格式
题名:
对工作负责 让领导放心
    
 
作者: 姜正成 编著
分册:  
出版信息: 北京   中华工商联合出版社  2018
页数: 223页
开本: 24cm
丛书名:
单 册:
中图分类: B822.9
科图分类:
主题词: 责任感--ze ren gan--通俗读物
电子资源:
ISBN: 978-7-5158-2296-9
000 01182nam0 2200253 450
001 012001000677
005 20131024124949.0
010    @a978-7-5158-2296-9@dCNY49.80
099    @aCAL 012019094204
100    @a20190729d2018 em y0chiy50 ea
101 0  @achi
102    @aCN@b110000
105    @ay z 000yy
106    @ar
200 1  @a对工作负责 让领导放心@Adui gong zuo fu ze rang ling dao fang xin@f姜正成编著
210    @a北京@c中华工商联合出版社@d2018
215    @a223页@d24cm
314    @a姜正成,江苏沭阳人,1955年出生,毕业于华东工程学院,曾在沭阳、宿迁等地政府机关工作多年, 现为中国散文学会会员、中国报告文学学会会员、北京出版发行协会常务理事。
330    @a这是一本职场励志类图书, 该书主要以责任心建设为主要内容, 针对企事业单位中存在的工作人员责任心缺失的问题, 围绕责任心的重要性、以上率下的责任心建设、责任心在工作中的具体表现、责任心与工作能力的关系等几个方面进行了细致深入的阐述。通过阅读本书, 读者可以进一步增强责任意识, 以更认真负责的态度投入工作, 从而收获更多成绩和成长。
606 0  @a责任感@Aze ren gan@j通俗读物
690    @aB822.9@v5
701  0 @a姜正成@Ajiang zheng cheng@4编著
801  0 @aCN@b江苏凤凰@c20191020
905    @b1220906-9@dB822.9@e1587@f4
    
    对工作负责 让领导放心/姜正成编著.-北京:中华工商联合出版社,2018
    223页;24cm
    
    
    ISBN 978-7-5158-2296-9:CNY49.80
    这是一本职场励志类图书, 该书主要以责任心建设为主要内容, 针对企事业单位中存在的工作人员责任心缺失的问题, 围绕责任心的重要性、以上率下的责任心建设、责任心在工作中的具体表现、责任心与工作能力的关系等几个方面进行了细致深入的阐述。通过阅读本书, 读者可以进一步增强责任意识, 以更认真负责的态度投入工作, 从而收获更多成绩和成长。
●
相关链接 在E读中查询图书 在五车中查询图书 在当当中查询图书 在豆瓣中查询图书


正题名:对工作负责 让领导放心     索取号:B822.9/1587         预约/预借

序号 登录号 条形码 馆藏地/架位号 状态 备注
1 1220906   212209064   第一样本阅览室/ [索取号:B822.9/1587] 在馆    
2 1220907   212209073   教育系资料室/ [索取号:B822.9/1587] 在馆    
3 1220908   212209082   教育系资料室/ [索取号:B822.9/1587] 在馆    
4 1220909   212209091   第一借阅区/ [索取号:B822.9/1587] 在馆    
唐山师范学院图书馆 欢迎您!
大连网信软件有限公司© 版权所有